• 首页
  • 本馆介绍
  • 公告通知
  • 最新文献
  • 馆藏检索
  • 电子资源
  • 读者导购
  • 参考咨询
  • 我的图书馆
  • 登录
  • 详细信息显示
  • 放入我的书架
  • 预约/预借图书
  • 作者相关作品
  • 分类相关作品
  • 丛书相关作品
  • 出版社相关作品

书目信息

  • 表格格式
  • 工作单格式
  • 卡片格式
题名:
中国震撼三部曲.中国超越
    
 
作者: 张维为 著
分册:  
出版信息: 上海   上海人民出版社  2016
页数: 255页
开本: 26cm
丛书名:
单 册:
中图分类: F124
科图分类:
主题词: 经济--中国
电子资源:
ISBN: 978-7-208-13927-5
000 00585nam0 2200181 450
001 2660545669
005 20260407165306.91
010    @a978-7-208-13927-5@dCNY108.00[1,2,3]
100    @a20191203d km y0chiy0120 ea
101 0  @achi
200 1  @a中国震撼三部曲.中国超越@Azhong guo zhen han san bu qu.zhong guo chao yue@f张维为著@Fzhang wei wei zhu
210    @a上海@c上海人民出版社@d2016
215    @a255页@d26cm
606 0  @a经济@x中国
690    @aF124@v4
701  0 @a张维为@Azhang wei wei@4著
801  0 @aCN@b大连网信软件有限公司图书馆·11@c20260407
905    @b7905427@dF124@e459@f1
    
    中国震撼三部曲.中国超越/张维为著.-上海:上海人民出版社,2016
    255页;26cm
    
    
    ISBN 978-7-208-13927-5:CNY108.00[1,2,3]
    
●
相关链接 在E读中查询图书 在五车中查询图书 在当当中查询图书 在豆瓣中查询图书


正题名:中国震撼三部曲·中国超越     索取号:F124/459         预约/预借

序号 登录号 条形码 馆藏地/架位号 状态 备注
1 1442446   214424461   第一样本阅览室/ [索取号:F124/459] 在馆    
2 1442447   214424470   第一借阅区/ [索取号:F124/459] 在馆    
唐山师范学院图书馆 欢迎您!
大连网信软件有限公司© 版权所有